000
00295nam a2200121Ia 4500
100
_a
Brahmankar/D.B
942
_c
BK
654
_a
Engineering
245
_a
Text book of Engineering Mechanics-Dynamics
260
_b
Nandu Publishers
_a
New Delhi
_c
2003
082
_a
620.1
_b
BRA
546
_a
ENGLISH
999
_c
34795
_d
34795